[Event "Montreal Vendredi 09"]
[Site "Montreal CAN"]
[Date "2017.09.29"]
[Round "3"]
[White "Zhong, Kevin"]
[Black "Tremblay, Alain"]
[Result "1/2-1/2"]
[WhiteElo "2010"]
[BlackElo "2149"]
[WhiteFideId "-1"]
[WhiteFideId "-1"]
[PlyCount "89"]
[GameId "2160767908330312"]
[EventDate "2017.09.15"]
[EventType "tourn"]
[EventRounds "3"]
[EventCountry "CAN"]
[SourceTitle "EXT 2022"]
[Source "ChessBase"]
[SourceDate "2021.10.06"]
[SourceVersion "1"]
[SourceVersionDate "2021.10.06"]
[SourceQuality "1"]

1. e4 e6 2. d4 d5 3. e5 c5 4. c3 Nc6 5. Nf3 Qb6 6. a3 Nh6 7. b4 cxd4 8. cxd4 Nf5 9. Be3 Be7 10. Bd3 Nxe3 11. fxe3 f6 12. exf6 Bxf6 13. Nc3 O-O 14. h4 Qc7 15. O-O Qg3 16. Qe1 Qxe1 17. Raxe1 Bd7 18. Ng5 Bxg5 19. hxg5 a6 20. Rf3 Rae8 21. Ref1 Rxf3 22. gxf3 e5 23. Nxd5 exd4 24. exd4 Nxd4 25. Kf2 Re5 26. f4 Re8 27. Rh1 Bf5 28. Bc4 Kf8 29. Ne3 Bg6 30. Rd1 Re4 31. Nd5 Ne6 32. Re1 Rxc4 33. Rxe6 Bf7 34. Rd6 Bxd5 35. Rxd5 Rxf4+ 36. Kg3 Rf1 37. Rd8+ Kf7 38. Rd7+ Kg6 39. Rxb7 Kxg5 40. Rxg7+ Kh6 41. Re7 Rf6 42. Kg4 Kg6 43. Re5 Rb6 44. Rg5+ Kh6 45. Rh5+ 1/2-1/2

[Event "Montreal Vendredi 10"]
[Site "Montreal CAN"]
[Date "2017.10.13"]
[Round "1"]
[White "Boudreau, Daniel"]
[Black "Nunez, Omar"]
[Result "1-0"]
[WhiteElo "2078"]
[BlackElo "1934"]
[WhiteFideId "-1"]
[WhiteFideId "-1"]
[PlyCount "111"]
[GameId "2160767908317489"]
[EventDate "2017.10.13"]
[EventType "tourn"]
[EventRounds "3"]
[EventCountry "CAN"]
[SourceTitle "EXT 2022"]
[Source "ChessBase"]
[SourceDate "2021.10.06"]
[SourceVersion "1"]
[SourceVersionDate "2021.10.06"]
[SourceQuality "1"]

1. e4 d5 2. exd5 Qxd5 3. d4 Nf6 4. Nf3 Bg4 5. Be2 Nc6 6. c4 Qd6 7. Nc3 a6 8. O-O O-O-O 9. d5 Bxf3 10. gxf3 Ne5 11. c5 Qxc5 12. Bf4 Qd6 13. Qd4 Nfd7 14. Kh1 Kb8 15. Ne4 Nxf3 16. Qe3 Qxd5 17. Bxf3 Qf5 18. Ng3 Qa5 19. Rfd1 e6 20. Qb3 Qb4 21. Rd3 Qxb3 22. Rxb3 Nc5 23. Rc3 Bd6 24. Be3 b6 25. Ne4 Nxe4 26. Bxe4 Be5 27. Rc2 f5 28. Bf3 Bd4 29. Bxd4 Rxd4 30. Re1 Re8 31. Rce2 Rd6 32. Re5 g6 33. Kg2 c6 34. Kg3 Kc7 35. Kf4 Kd7 36. Kg5 Ke7 37. Kh6 Kf6 38. h4 Re7 39. R5e3 e5 40. Be2 Rd4 41. Rh1 a5 42. Rd3 c5 43. Rb3 Re6 44. Rh2 Red6 45. f3 c4 46. Rb5 Rd2 47. Rg2 R2d4 48. Rh2 Rd2 49. Kxh7 Rd7+ 50. Kh6 R2d6 51. Rg2 g5 52. hxg5+ Kf7+ 53. g6+ Kf6 54. g7 Rd8 55. Rg6+ Ke7 56. Rxd6 1-0

[Event "Montreal Vendredi 10"]
[Site "Montreal CAN"]
[Date "2017.10.13"]
[Round "1"]
[White "Cardona, Misael"]
[Black "Zhong, Kevin"]
[Result "1-0"]
[WhiteElo "2133"]
[BlackElo "2009"]
[WhiteFideId "-1"]
[WhiteFideId "-1"]
[PlyCount "97"]
[GameId "2160767908317490"]
[EventDate "2017.10.13"]
[EventType "tourn"]
[EventRounds "3"]
[EventCountry "CAN"]
[SourceTitle "EXT 2022"]
[Source "ChessBase"]
[SourceDate "2021.10.06"]
[SourceVersion "1"]
[SourceVersionDate "2021.10.06"]
[SourceQuality "1"]

1. d4 d5 2. c4 e6 3. Nc3 c5 4. cxd5 exd5 5. Nf3 Nc6 6. g3 Nf6 7. Bg2 Be7 8. O-O O-O 9. dxc5 Bxc5 10. Na4 Be7 11. Be3 Re8 12. Rc1 Bg4 13. h3 Bxf3 14. Bxf3 Ne5 15. Bg2 Nc4 16. Bd4 b5 17. b3 bxa4 18. bxc4 Ba3 19. Rb1 Ne4 20. Qxa4 Bc5 21. Bxc5 Nc3 22. Qa6 Nxb1 23. Rxb1 Qc8 24. Qb5 Qc7 25. Qb7 Qxc5 26. Bxd5 Qf8 27. Qc7 Re7 28. Qf4 Rd8 29. e4 Red7 30. Rb3 Qd6 31. Rf3 Qxf4 32. gxf4 Rb8 33. c5 Kf8 34. Ra3 Ke7 35. Ra6 Rc7 36. Kg2 Rb5 37. c6 f5 38. f3 g6 39. Kg3 Kd6 40. Ra3 Kc5 41. Rd3 Rb4 42. Kh4 Rb1 43. Kg5 Rg1+ 44. Kf6 Rg3 45. e5 Rxh3 46. e6 Rh1 47. e7 Rc8 48. Be6 Re8 49. c7 1-0

[Event "Montreal Vendredi 10"]
[Site "Montreal CAN"]
[Date "2017.10.20"]
[Round "2"]
[White "Cardona, Misael"]
[Black "Boudreau, Daniel"]
[Result "1-0"]
[WhiteElo "2133"]
[BlackElo "2078"]
[WhiteFideId "-1"]
[WhiteFideId "-1"]
[PlyCount "37"]
[GameId "2160767908317491"]
[EventDate "2017.10.13"]
[EventType "tourn"]
[EventRounds "3"]
[EventCountry "CAN"]
[SourceTitle "EXT 2022"]
[Source "ChessBase"]
[SourceDate "2021.10.06"]
[SourceVersion "1"]
[SourceVersionDate "2021.10.06"]
[SourceQuality "1"]

1. d4 Nf6 2. c4 e6 3. Nc3 Bb4 4. Qc2 d5 5. cxd5 exd5 6. Bg5 O-O 7. e3 Re8 8. Bd3 h6 9. Bh4 c5 10. dxc5 d4 11. O-O-O Nc6 12. Nge2 Bxc5 13. exd4 Be7 14. Bc4 Nb4 15. Qb3 Rf8 16. Bxf6 gxf6 17. a3 Nc6 18. Qc2 a6 19. Qg6+ 1-0

[Event "Montreal Vendredi 10"]
[Site "Montreal CAN"]
[Date "2017.10.20"]
[Round "2"]
[White "Zhong, Kevin"]
[Black "Nunez, Omar"]
[Result "0-1"]
[WhiteElo "2009"]
[BlackElo "1934"]
[WhiteFideId "-1"]
[WhiteFideId "-1"]
[PlyCount "48"]
[GameId "2160767908317492"]
[EventDate "2017.10.13"]
[EventType "tourn"]
[EventRounds "3"]
[EventCountry "CAN"]
[SourceTitle "EXT 2022"]
[Source "ChessBase"]
[SourceDate "2021.10.06"]
[SourceVersion "1"]
[SourceVersionDate "2021.10.06"]
[SourceQuality "1"]

1. e4 d5 2. exd5 Qxd5 3. Nc3 Qa5 4. d4 Nf6 5. Nf3 Nc6 6. d5 Nb4 7. Bc4 c6 8. dxc6 Nxc6 9. Bd2 Qc5 10. Nb5 Nd5 11. Qe2 a6 12. Bxd5 axb5 13. Bb3 Bg4 14. h3 Qh5 15. Qe4 Bxf3 16. gxf3 e6 17. O-O-O Be7 18. Rhg1 Bf6 19. c3 O-O 20. h4 Rfd8 21. Kb1 Na5 22. Bg5 Nxb3 23. Rxd8+ Bxd8 24. Qxb7 Qg6+ 0-1

[Event "Montreal Vendredi 10"]
[Site "Montreal CAN"]
[Date "2017.10.27"]
[Round "3"]
[White "Boudreau, Daniel"]
[Black "Zhong, Kevin"]
[Result "1-0"]
[WhiteElo "2078"]
[BlackElo "2009"]
[WhiteFideId "-1"]
[WhiteFideId "-1"]
[PlyCount "56"]
[GameId "2160767908317493"]
[EventDate "2017.10.13"]
[EventType "tourn"]
[EventRounds "3"]
[EventCountry "CAN"]
[SourceTitle "EXT 2022"]
[Source "ChessBase"]
[SourceDate "2021.10.06"]
[SourceVersion "1"]
[SourceVersionDate "2021.10.06"]
[SourceQuality "1"]

1. e4 c5 2. Nc3 Nc6 3. g3 g6 4. Bg2 Bg7 5. d3 d6 6. Be3 e5 7. Qd2 Nge7 8. Nge2 O-O 9. Bh6 Nd4 10. Bxg7 Kxg7 11. O-O b6 12. f4 Bb7 13. f5 f6 14. g4 Qd7 15. Ng3 b5 16. g5 Ng8 17. Rf2 b4 18. Nd1 Qe7 19. c3 Nb5 20. Ne3 bxc3 21. bxc3 Bc8 22. Nd5 Qd8 23. Raf1 fxg5 24. fxg6 Rxf2 25. Qxf2 hxg6 26. Qf7+ Kh6 27. Nf6 Nxf6 28. Rxf6 Qxf6 1-0

[Event "Montreal Vendredi 10"]
[Site "Montreal CAN"]
[Date "2017.10.27"]
[Round "3"]
[White "Nunez, Omar"]
[Black "Cardona, Misael"]
[Result "0-1"]
[WhiteElo "1934"]
[BlackElo "2133"]
[WhiteFideId "-1"]
[WhiteFideId "-1"]
[PlyCount "72"]
[GameId "2160767908317494"]
[EventDate "2017.10.13"]
[EventType "tourn"]
[EventRounds "3"]
[EventCountry "CAN"]
[SourceTitle "EXT 2022"]
[Source "ChessBase"]
[SourceDate "2021.10.06"]
[SourceVersion "1"]
[SourceVersionDate "2021.10.06"]
[SourceQuality "1"]

1. Nf3 c5 2. e4 e6 3. d3 Nc6 4. g3 g6 5. Bg5 Qb6 6. Nbd2 Qxb2 7. Nc4 Qg7 8. Rb1 f6 9. Bc1 Qe7 10. Bg2 d5 11. Ne3 d4 12. Nc4 e5 13. O-O Nh6 14. a4 Nf7 15. Nfd2 Bg7 16. a5 O-O 17. Ba3 Be6 18. Rb5 Qd7 19. Qb1 Rab8 20. Bxc5 Rfc8 21. Qb2 Bh6 22. Rb1 Bxd2 23. Nxd2 a6 24. Rxb7 Rxb7 25. Qxb7 Qxb7 26. Rxb7 Nxa5 27. Rb6 Rxc5 28. Rxe6 Rxc2 29. Nf3 Rc6 30. Bh3 Kf8 31. Nd2 Ng5 32. Rxc6 Nxh3+ 33. Kg2 Nxc6 34. Kxh3 Nb4 35. f4 Nxd3 36. fxe5 Nxe5 0-1

[Event "Montreal Vendredi 11"]
[Site "Montreal CAN"]
[Date "2017.11.10"]
[Round "1"]
[White "Gauthier, Denis"]
[Black "Cardona, Misael"]
[Result "0-1"]
[WhiteElo "1945"]
[BlackElo "2169"]
[WhiteFideId "-1"]
[WhiteFideId "-1"]
[PlyCount "72"]
[GameId "2160767908309002"]
[EventDate "2017.11.10"]
[EventType "tourn"]
[EventRounds "3"]
[EventCountry "CAN"]
[SourceTitle "EXT 2022"]
[Source "ChessBase"]
[SourceDate "2021.10.06"]
[SourceVersion "1"]
[SourceVersionDate "2021.10.06"]
[SourceQuality "1"]

1. d4 f5 2. Nc3 Nf6 3. Bg5 d5 4. Bxf6 exf6 5. e3 c6 6. Bd3 Qb6 7. Rb1 Be6 8. Qf3 g6 9. Nge2 Bd6 10. g4 Nd7 11. gxf5 Bf7 12. O-O Qc7 13. Ng3 O-O-O 14. b4 g5 15. b5 h5 16. bxc6 Qxc6 17. Nb5 Bb8 18. Rb3 h4 19. Rc3 hxg3 20. fxg3 Rh3 21. Rf2 Rdh8 22. Bf1 R3h6 23. Rg2 g4 24. Qf2 Nf8 25. Qd2 Nh7 26. Rxc6+ bxc6 27. Qc3 Kd7 28. Qb4 Ng5 29. Kf2 Ne4+ 30. Ke1 Rxh2 31. Rxh2 Bxg3+ 32. Kd1 Bxh2 33. Nxa7 Rb8 34. Qa5 g3 35. Qa6 Rb1+ 36. Ke2 Bh5+ 0-1

[Event "Montreal Vendredi 11"]
[Site "Montreal CAN"]
[Date "2017.11.10"]
[Round "1"]
[White "Tremblay, Alain"]
[Black "Nunez, Omar"]
[Result "0-1"]
[WhiteElo "2139"]
[BlackElo "1940"]
[WhiteFideId "-1"]
[WhiteFideId "-1"]
[PlyCount "58"]
[GameId "2160767908309003"]
[EventDate "2017.11.10"]
[EventType "tourn"]
[EventRounds "3"]
[EventCountry "CAN"]
[SourceTitle "EXT 2022"]
[Source "ChessBase"]
[SourceDate "2021.10.06"]
[SourceVersion "1"]
[SourceVersionDate "2021.10.06"]
[SourceQuality "1"]

1. Nf3 d6 2. d4 g6 3. e4 Bg7 4. h3 Nf6 5. Nc3 O-O 6. Be3 c5 7. dxc5 Qa5 8. Nd2 Be6 9. Nb3 Qd8 10. cxd6 exd6 11. Be2 Nc6 12. O-O Rc8 13. Re1 d5 14. exd5 Nxd5 15. Nxd5 Bxd5 16. c3 b6 17. Qd2 Rc7 18. Bh6 Bxb3 19. axb3 Rd7 20. Qc1 Na5 21. Bxg7 Kxg7 22. Bc4 b5 23. Bxb5 Nxb3 24. Qb1 Rd2 25. Ra3 Qb6 26. Be2 Re8 27. Kf1 Nc5 28. b4 Ne4 29. Qxe4 Rxe4 0-1

[Event "Montreal Vendredi 11"]
[Site "Montreal CAN"]
[Date "2017.11.17"]
[Round "2"]
[White "Gauthier, Denis"]
[Black "Tremblay, Alain"]
[Result "1/2-1/2"]
[WhiteElo "1945"]
[BlackElo "2139"]
[WhiteFideId "-1"]
[WhiteFideId "-1"]
[PlyCount "47"]
[GameId "2160767908309004"]
[EventDate "2017.11.10"]
[EventType "tourn"]
[EventRounds "3"]
[EventCountry "CAN"]
[SourceTitle "EXT 2022"]
[Source "ChessBase"]
[SourceDate "2021.10.06"]
[SourceVersion "1"]
[SourceVersionDate "2021.10.06"]
[SourceQuality "1"]

1. d4 d6 2. c4 Nf6 3. Nc3 g6 4. e4 Bg7 5. Bd3 O-O 6. Nge2 e5 7. O-O a5 8. Bc2 Nc6 9. d5 Nb4 10. Bb1 Na6 11. a3 Bd7 12. Bc2 Qe8 13. Rb1 a4 14. f3 Nc5 15. Be3 b6 16. Qd2 h5 17. Bh6 Qe7 18. Bxg7 Kxg7 19. Rbe1 Nh7 20. f4 Rae8 21. fxe5 Qxe5 22. Nd4 Qg5 23. Qf2 Qf6 24. Qd2 1/2-1/2

[Event "Montreal Vendredi 11"]
[Site "Montreal CAN"]
[Date "2017.11.24"]
[Round "3"]
[White "Nunez, Omar"]
[Black "Gauthier, Denis"]
[Result "1-0"]
[WhiteElo "1940"]
[BlackElo "1945"]
[WhiteFideId "-1"]
[WhiteFideId "-1"]
[PlyCount "45"]
[GameId "2160767908309005"]
[EventDate "2017.11.10"]
[EventType "tourn"]
[EventRounds "3"]
[EventCountry "CAN"]
[SourceTitle "EXT 2022"]
[Source "ChessBase"]
[SourceDate "2021.10.06"]
[SourceVersion "1"]
[SourceVersionDate "2021.10.06"]
[SourceQuality "1"]

1. f4 g6 2. Nf3 Bg7 3. g3 d6 4. Bg2 e5 5. fxe5 dxe5 6. Nc3 Nc6 7. d3 Nge7 8. O-O O-O 9. e4 h6 10. Be3 Be6 11. Qd2 Kh7 12. Rf2 Qd7 13. a3 Rad8 14. b4 a6 15. Raf1 Nd4 16. Bxd4 exd4 17. Ne2 g5 18. Nxg5+ hxg5 19. Qxg5 Ng6 20. Nf4 Bh6 21. Qf6 Qe7 22. Nxg6 Qxf6 23. Nxf8+ 1-0

[Event "Montreal Vendredi 11"]
[Site "Montreal CAN"]
[Date "2017.11.24"]
[Round "3"]
[White "Tremblay, Alain"]
[Black "Cardona, Misael"]
[Result "0-1"]
[WhiteElo "2139"]
[BlackElo "2169"]
[WhiteFideId "-1"]
[WhiteFideId "-1"]
[PlyCount "72"]
[GameId "2160767908309006"]
[EventDate "2017.11.10"]
[EventType "tourn"]
[EventRounds "3"]
[EventCountry "CAN"]
[SourceTitle "EXT 2022"]
[Source "ChessBase"]
[SourceDate "2021.10.06"]
[SourceVersion "1"]
[SourceVersionDate "2021.10.06"]
[SourceQuality "1"]

1. d4 f5 2. c4 Nf6 3. Nc3 g6 4. g3 d6 5. Nf3 Bg7 6. Bg2 O-O 7. O-O c6 8. Re1 Na6 9. a3 h6 10. e4 fxe4 11. Nxe4 Nxe4 12. Rxe4 e5 13. dxe5 dxe5 14. Qe2 Nc5 15. Re3 Bf5 16. Ne1 Qb6 17. b4 Ne6 18. c5 Qc7 19. Bb2 Nd4 20. Bxd4 exd4 21. Re7 Qc8 22. Nf3 Bf6 23. Qc4+ Kh8 24. Ree1 d3 25. Rad1 Qd7 26. Ne5 Bxe5 27. Rxe5 Rfe8 28. Rde1 Rxe5 29. Rxe5 d2 30. Bf3 d1=Q+ 31. Bxd1 Qxd1+ 32. Kg2 Bd3 33. Qc3 Kg8 34. Re1 Qc2 35. Qd4 Qc4 36. Qf4 Qxf4 0-1

[Event "Montreal Vendredi 12"]
[Site "Montreal CAN"]
[Date "2017.12.01"]
[Round "1"]
[White "Millette, Sylvain"]
[Black "Gauthier, Luc"]
[Result "1/2-1/2"]
[WhiteElo "1752"]
[BlackElo "1666"]
[WhiteFideId "-1"]
[WhiteFideId "-1"]
[PlyCount "66"]
[GameId "2160767908300567"]
[EventDate "2017.12.01"]
[EventType "tourn"]
[EventRounds "3"]
[EventCountry "CAN"]
[SourceTitle "EXT 2022"]
[Source "ChessBase"]
[SourceDate "2021.10.06"]
[SourceVersion "1"]
[SourceVersionDate "2021.10.06"]
[SourceQuality "1"]

1. Nf3 d5 2. g3 Nc6 3. d4 Bf5 4. c3 e6 5. Bg2 Nf6 6. Bg5 h6 7. Bxf6 Qxf6 8. Qb3 Rb8 9. Nbd2 Qd8 10. O-O Bd6 11. Rfe1 b5 12. a3 Na5 13. Qd1 O-O 14. b4 Nc4 15. Nxc4 bxc4 16. Ne5 Bxe5 17. dxe5 c6 18. Qd4 Qc7 19. e4 Bg6 20. f4 Rfd8 21. Qf2 Qb6 22. Qxb6 axb6 23. exd5 cxd5 24. a4 Ra8 25. a5 bxa5 26. bxa5 Ra6 27. Ra4 Rb8 28. g4 Bc2 29. Ra2 Bd3 30. Bf1 Bxf1 31. Kxf1 Rb3 32. Rc1 Rb5 33. Rca1 Rb3 1/2-1/2

[Event "Montreal Vendredi 12"]
[Site "Montreal CAN"]
[Date "2017.12.01"]
[Round "1"]
[White "Turgeon, Yoakim"]
[Black "Tsukerman, Julia"]
[Result "1/2-1/2"]
[WhiteElo "1795"]
[BlackElo "1603"]
[WhiteFideId "-1"]
[WhiteFideId "-1"]
[PlyCount "57"]
[GameId "2160767908300568"]
[EventDate "2017.12.01"]
[EventType "tourn"]
[EventRounds "3"]
[EventCountry "CAN"]
[SourceTitle "EXT 2022"]
[Source "ChessBase"]
[SourceDate "2021.10.06"]
[SourceVersion "1"]
[SourceVersionDate "2021.10.06"]
[SourceQuality "1"]

1. d4 Nf6 2. e3 g6 3. Bd3 Bg7 4. f4 d6 5. Nf3 O-O 6. e4 c5 7. c3 a6 8. e5 dxe5 9. fxe5 Nd5 10. h3 Nc6 11. O-O h6 12. Be4 cxd4 13. cxd4 Be6 14. Nc3 b5 15. Bd2 Rc8 16. a3 Qd7 17. Qe1 Nb6 18. Be3 Bc4 19. Rf2 Nd5 20. Rd1 Kh7 21. h4 e6 22. h5 Nce7 23. Nh4 Nf5 24. hxg6+ fxg6 25. Nxf5 gxf5 26. Bxd5 Bxd5 27. Nxd5 Qxd5 28. Rc1 Rc6 29. Rfc2 1/2-1/2

[Event "Montreal Vendredi 12"]
[Site "Montreal CAN"]
[Date "2017.12.08"]
[Round "2"]
[White "Tsukerman, Julia"]
[Black "Gauthier, Luc"]
[Result "0-1"]
[WhiteElo "1603"]
[BlackElo "1666"]
[WhiteFideId "-1"]
[WhiteFideId "-1"]
[PlyCount "102"]
[GameId "2160767908300569"]
[EventDate "2017.12.01"]
[EventType "tourn"]
[EventRounds "3"]
[EventCountry "CAN"]
[SourceTitle "EXT 2022"]
[Source "ChessBase"]
[SourceDate "2021.10.06"]
[SourceVersion "1"]
[SourceVersionDate "2021.10.06"]
[SourceQuality "1"]

1. e4 Nf6 2. e5 Nd5 3. c4 Nb6 4. d4 d6 5. exd6 exd6 6. Nc3 Nc6 7. h3 Bf5 8. a3 a5 9. Nf3 Be7 10. Be2 Bf6 11. O-O O-O 12. Bf4 h6 13. g4 Bh7 14. Rc1 Ne7 15. b3 Ng6 16. Bg3 Nh4 17. Re1 Re8 18. Qd2 a4 19. Nxh4 Bxh4 20. b4 Bg5 21. f4 Bh4 22. Bxh4 Qxh4 23. Kg2 c6 24. Bf1 Nd7 25. Qf2 Qxf2+ 26. Kxf2 Nf6 27. c5 d5 28. b5 Ne4+ 29. Kg1 Nxc3 30. Rxe8+ Rxe8 31. Rxc3 Re4 32. bxc6 bxc6 33. Rd3 Rxf4 34. Rd1 Rf3 35. Ra1 Bd3 36. Bg2 Rf4 37. Rd1 Be4 38. Bxe4 Rxe4 39. Rd3 g6 40. Kf2 Kf8 41. Kf3 f5 42. gxf5 gxf5 43. Kf2 Kf7 44. Kf3 Kf6 45. Kf2 h5 46. Kf3 Kg5 47. Kg3 f4+ 48. Kf3 Kh4 49. Rd1 Kg5 50. Rd3 Kf5 51. h4 Re1 0-1

[Event "Montreal Vendredi 12"]
[Site "Montreal CAN"]
[Date "2017.12.08"]
[Round "2"]
[White "Turgeon, Yoakim"]
[Black "Millette, Sylvain"]
[Result "1-0"]
[WhiteElo "1795"]
[BlackElo "1752"]
[WhiteFideId "-1"]
[WhiteFideId "-1"]
[PlyCount "97"]
[GameId "2160767908300570"]
[EventDate "2017.12.01"]
[EventType "tourn"]
[EventRounds "3"]
[EventCountry "CAN"]
[SourceTitle "EXT 2022"]
[Source "ChessBase"]
[SourceDate "2021.10.06"]
[SourceVersion "1"]
[SourceVersionDate "2021.10.06"]
[SourceQuality "1"]

1. d4 Nf6 2. e3 g6 3. Bd3 d5 4. f4 e6 5. Nf3 Bg7 6. Nbd2 b6 7. Ne5 Ba6 8. Bxa6 Nxa6 9. c3 O-O 10. Qf3 c5 11. g4 cxd4 12. exd4 Nb8 13. h4 h5 14. gxh5 Nxh5 15. Nf1 Nd7 16. Nxd7 Qxd7 17. Ng3 Nxg3 18. Qxg3 f5 19. Qxg6 Rf6 20. Qg2 Qf7 21. h5 Rh6 22. Qe2 Kh7 23. Be3 Bf6 24. O-O-O Rg8 25. Rdg1 Rxg1+ 26. Bxg1 Qg7 27. Qxe6 Qg2 28. Qxf5+ Kh8 29. Qh3 Qe2 30. Be3 Bg7 31. f5 Rc6 32. h6 Bf6 33. h7 Qd3 34. Rg1 Rxc3+ 35. bxc3 Qxc3+ 36. Kd1 Qd3+ 37. Ke1 Bh4+ 38. Qxh4 Qxe3+ 39. Kf1 Qf3+ 40. Qf2 Qd1+ 41. Kg2 Qg4+ 42. Qg3 Qe2+ 43. Kh3 Qh5+ 44. Qh4 Qxf5+ 45. Qg4 Qd3+ 46. Kh2 Qd2+ 47. Kh3 Qh6+ 48. Qh4 Qe6+ 49. Kh2 1-0

[Event "Montreal Vendredi 12"]
[Site "Montreal CAN"]
[Date "2017.12.15"]
[Round "3"]
[White "Millette, Sylvain"]
[Black "Tsukerman, Julia"]
[Result "1/2-1/2"]
[WhiteElo "1752"]
[BlackElo "1603"]
[WhiteFideId "-1"]
[WhiteFideId "-1"]
[PlyCount "67"]
[GameId "2160767908300572"]
[EventDate "2017.12.01"]
[EventType "tourn"]
[EventRounds "3"]
[EventCountry "CAN"]
[SourceTitle "EXT 2022"]
[Source "ChessBase"]
[SourceDate "2021.10.06"]
[SourceVersion "1"]
[SourceVersionDate "2021.10.06"]
[SourceQuality "1"]

1. e4 c5 2. d4 cxd4 3. c3 dxc3 4. Nxc3 d6 5. Bc4 e6 6. Nf3 Nf6 7. O-O Be7 8. e5 dxe5 9. Qe2 a6 10. Nxe5 O-O 11. Rd1 Qc7 12. Bf4 Bd6 13. Rxd6 Qxd6 14. Ng6 Qc5 15. Nxf8 Qxf8 16. Rd1 b5 17. Bd6 Qe8 18. Bd3 Bb7 19. Bc7 Qc6 20. Be4 Qxc7 21. Bxb7 Ra7 22. Qd3 Nbd7 23. Bf3 h6 24. Ne4 Nxe4 25. Qxe4 Nf6 26. Qe3 Nd5 27. Bxd5 exd5 28. Rxd5 Qc6 29. Rd8+ Kh7 30. h3 Rc7 31. Qd3+ Qg6 32. Qxg6+ fxg6 33. Kf1 Rc2 34. Ra8 1/2-1/2

[Event "Montreal op"]
[Site "Montreal CAN"]
[Date "2017.09.08"]
[Round "1.3"]
[White "Marin, Sam"]
[Black "Yu, Zong Yang"]
[Result "0-1"]
[WhiteElo "2093"]
[BlackElo "2444"]
[WhiteFideId "-1"]
[WhiteFideId "-1"]
[PlyCount "66"]
[GameId "2160767908338717"]
[EventDate "2017.09.08"]
[EventType "swiss"]
[EventRounds "5"]
[EventCountry "CAN"]
[SourceTitle "hb 2017"]

1. c4 Nf6 2. Nc3 e6 3. e4 d5 4. e5 d4 5. exf6 dxc3 6. fxg7 cxd2+ 7. Bxd2 Bxg7 8. Qc2 Nc6 9. Nf3 Qe7 10. Bd3 Bd7 11. a3 O-O-O 12. O-O-O Nd4 13. Nxd4 Bxd4 14. Bf4 Bc6 15. f3 Qf6 16. Bg3 h5 17. Rhe1 h4 18. Bf2 Qf4+ 19. Kb1 Qxh2 20. Be4 Bxf2 21. Qxf2 Bxe4+ 22. fxe4 b6 23. Qxf7 Qxg2 24. Qxe6+ Kb8 25. Rxd8+ Rxd8 26. Qf6 Rd2 27. Qh8+ Kb7 28. Qc3 h3 29. e5 h2 30. Qc1 Re2 31. Rxe2 Qxe2 32. Qh1+ Ka6 33. e6 Qf2 0-1

[Event "Montreal op"]
[Site "Montreal CAN"]
[Date "2017.09.08"]
[Round "1.5"]
[White "Malek, Omid"]
[Black "Leveille, Francois"]
[Result "1/2-1/2"]
[WhiteElo "2089"]
[BlackElo "2307"]
[WhiteFideId "-1"]
[WhiteFideId "-1"]
[PlyCount "164"]
[GameId "2160767908338719"]
[EventDate "2017.09.08"]
[EventType "swiss"]
[EventRounds "5"]
[EventCountry "CAN"]
[SourceTitle "hb 2017"]

1. d4 Nf6 2. Bg5 Ne4 3. Bf4 d5 4. e3 c5 5. Bd3 Nf6 6. c3 Qb6 7. Qc1 Nc6 8. Nf3 Nh5 9. Bg3 g6 10. Nbd2 Bh6 11. Be5 O-O 12. h3 cxd4 13. Bxd4 Nxd4 14. cxd4 Bg7 15. Qc3 Be6 16. Qb3 Qxb3 17. Nxb3 b6 18. Rc1 Rfc8 19. O-O a5 20. Nbd2 Nf6 21. Ne5 Ne8 22. f4 Nd6 23. Kf2 f6 24. Nef3 Bd7 25. Rfe1 Nf7 26. Bf1 e6 27. g3 Bf8 28. Kg2 Bb4 29. a3 Bd6 30. Bd3 Kg7 31. Ng1 a4 32. Ne2 b5 33. Nb1 Rcb8 34. e4 dxe4 35. Bxe4 Ra6 36. d5 e5 37. fxe5 fxe5 38. h4 b4 39. Bd3 Rab6 40. Rf1 bxa3 41. Nxa3 Rb3 42. Bc2 R3b4 43. Nc3 Rd4 44. Rb1 Rd2+ 45. Rf2 Bh3+ 46. Kf3 Ng5+ 47. Ke3 Rxf2 48. Kxf2 Bc5+ 49. Ke2 Bg4+ 50. Kd3 Nf7 51. Nab5 Bf5+ 52. Kd2 Bb4 53. Kd1 Bg4+ 54. Kc1 Bc5 55. Ra1 a3 56. bxa3 Be3+ 57. Kb2 Nd6 58. a4 Nc4+ 59. Ka2 Bd4 60. Rb1 Rc8 61. Nxd4 exd4 62. Rb7+ Kh6 63. Nb5 Bf3 64. Rc7 Rxc7 65. Nxc7 Ne3 66. Bb3 d3 67. d6 Bc6 68. Nb5 d2 69. Nc3 Kg7 70. Nd1 Nf5 71. Kb2 Nxd6 72. Kc2 Ne4 73. g4 Kf6 74. Nc3 Nc5 75. Bg8 Nxa4 76. Nxa4 Bxa4+ 77. Kxd2 h6 78. Bc4 Ke5 79. Ke3 Bd1 80. g5 hxg5 81. hxg5 Kf5 82. Bf7 Kxg5 1/2-1/2

[Event "Montreal op"]
[Site "Montreal CAN"]
[Date "2017.09.08"]
[Round "1.9"]
[White "Tanaka, Tyler"]
[Black "Dukic, Zachary"]
[Result "0-1"]
[WhiteElo "2057"]
[BlackElo "2254"]
[WhiteFideId "-1"]
[WhiteFideId "-1"]
[PlyCount "124"]
[GameId "2160767908338723"]
[EventDate "2017.09.08"]
[EventType "swiss"]
[EventRounds "5"]
[EventCountry "CAN"]
[SourceTitle "hb 2017"]

1. e4 e5 2. Nf3 Nc6 3. Bb5 a6 4. Ba4 Nf6 5. O-O Be7 6. Re1 b5 7. Bb3 O-O 8. a4 b4 9. d4 d6 10. dxe5 dxe5 11. Nbd2 Bg4 12. h3 Bh5 13. a5 Bc5 14. Bc4 Qd6 15. g4 Bg6 16. Qe2 Nd4 17. Nxd4 Bxd4 18. Qf3 h5 19. g5 Nh7 20. Nb3 Ba7 21. Be3 Qe7 22. h4 Kh8 23. Bxa7 Rxa7 24. Qe3 Raa8 25. Qc5 Qd7 26. Qxe5 Rae8 27. Qf4 f6 28. Qg3 fxg5 29. hxg5 Rxe4 30. Rxe4 Bxe4 31. Nc5 Qd4 32. Nxe4 Qxc4 33. Qd3 Qe6 34. Nc5 Qc6 35. Ne4 Qg6 36. Re1 Nxg5 37. Nxg5 Qxg5+ 38. Qg3 Qxg3+ 39. fxg3 Rf5 40. Re4 Rb5 41. Rc4 c5 42. Rh4 g6 43. g4 Kg7 44. gxh5 g5 45. Re4 Rxa5 46. Re6 Ra1+ 47. Kf2 Rc1 48. Rg6+ Kh7 49. Rxg5 Rxc2+ 50. Ke3 Kh6 51. Rf5 a5 52. b3 a4 53. bxa4 b3 54. a5 b2 55. Rf6+ Kxh5 56. Rb6 c4 57. Rb5+ Kg4 58. a6 Rc3+ 59. Kd4 Rb3 60. Kxc4 Rxb5 61. Kxb5 b1=Q+ 62. Kc6 Qe4+ 0-1